[Event "39th Olympiad Men"]
[Site "Khanty-Mansiysk RUS"]
[Date "2010.09.30"]
[Round "9"]
[White "Kazhgaleyev,M"]
[Black "Le Quang Liem"]
[Result "1/2-1/2"]
[WhiteElo "2620"]
[BlackElo "2694"]

1.d4 Nf6 2.c4 g6 3.Nc3 d5 4.Bg5 Bg7 5.Bxf6 Bxf6 6.cxd5 c6 7.e4 Qb6 8.e5 Qxb2
9.Qc1 Qxc1+ 10.Rxc1 Bg7 11.Bc4 O-O 12.f4 cxd5 13.Bxd5 Nc6 14.Nf3 Bh6 15.g3 Rd8
16.Kf2 Bf5 17.Ke3 Rac8 18.Be4 Bg4 19.Ne2 Be6 20.Rc5 Nb4 21.Rhc1 Nxa2 22.Ra1 Nb4
23.Rxa7 Nd5+ 24.Kf2 b6 25.Rb5 f6 26.Rb7 Bf8 27.Bxd5 Bxd5 28.R7xb6 Rc2 29.Rb2 Rxb2
30.Rxb2 Rc8 31.Rb5 Bc4 32.Rc5 Rxc5 33.dxc5 e6 34.c6 Bc5+ 35.Ke1 Kf7 36.Nc3 f5
37.Na4 Bb4+ 38.Kf2 Ba5 39.Nd4 Ke7 40.Ke3 Kd8 41.Nc5 Ke7 42.Nd7 h6 43.h4 h5
44.Nc5 Bb6 45.Na4 Ba7 46.Nc3 Kd8 47.Nb1 Kc7 48.Na3 Ba6 49.Nc2 Bb6 50.Kd2 Ba5+
51.Kd1 Bc4 52.Ne3 Bb6 53.Nec2 Ba5 54.Ne3 Bb6 55.Nec2  1/2-1/2

[Event "Trophee CCAS GpB"]
[Site "Cap d'Agde FRA"]
[Date "2010.10.23"]
[Round "1"]
[White "Hammer,J"]
[Black "Le Quang Liem"]
[Result "0-1"]
[WhiteElo "2633"]
[BlackElo "2694"]

1.d4 Nf6 2.c4 g6 3.Nc3 d5 4.Bf4 Bg7 5.e3 O-O 6.Rc1 Be6 7.Qb3 c5 8.Qxb7 Qb6
9.Qxb6 axb6 10.dxc5 bxc5 11.Be5 dxc4 12.Nh3 Nc6 13.Bg3 Nh5 14.Ng5 Bxc3+ 15.bxc3 Nxg3
16.hxg3 Ne5 17.Rc2 Rfb8 18.Nxe6 Rb1+ 19.Ke2 fxe6 20.Rh4 Rd8 21.f4 Nd3 22.Rh1 Kg7
23.g4 Rdb8 24.g3 Re1+ 25.Kf3 Rbb1 26.Kg2 Red1 27.Bxd3 cxd3 28.Rxd1 dxc2  0-1

[Event "Trophee CCAS GpB"]
[Site "Cap d'Agde FRA"]
[Date "2010.10.24"]
[Round "3"]
[White "Le Quang Liem"]
[Black "Kosintseva,T"]
[Result "1-0"]
[WhiteElo "2694"]
[BlackElo "2573"]

1.c4 Nf6 2.Nc3 e5 3.Nf3 Nc6 4.g3 d5 5.cxd5 Nxd5 6.Bg2 Nb6 7.O-O Be7 8.d3 O-O
9.Be3 Be6 10.Rc1 f6 11.d4 exd4 12.Nxd4 Nxd4 13.Bxd4 c6 14.Ne4 Rf7 15.e3 Bf8
16.Qc2 Qc8 17.Rfd1 Bf5 18.Bc5 Qe6 19.Bxf8 Raxf8 20.Qb3 Qxb3 21.axb3 Bxe4
22.Bxe4 f5 23.Bd3 g6 24.Ra1 a6 25.Bc4 Nxc4 26.bxc4 Re8 27.Rd4 Kg7 28.Kg2 Kf6
29.Kf3 Re5 30.Rad1 Rfe7 31.Rd6+ Kf7 32.h4 h5 33.b3 Re4 34.Rd8 Kg7 35.Rc8 R4e5
36.Rdd8 Ra5 37.Rg8+ Kf6 38.Rcf8+ Rf7 39.Rd8 Ra3 40.Kf4 Rxb3 41.Rd6+ Ke7 42.Rgd8 Ra3
43.Kg5 f4 44.gxf4 Ra1 45.c5 Rg1+ 46.Kh6 Rf5 47.R8d7+ Ke8 48.Rxb7 Rxc5 49.Ra7 a5
50.Re6+ Kd8 51.Rf6 Ke8 52.Kg7 Rf5 53.Rxc6 Kd8 54.Rxg6 Rd1 55.Rg5 Rxg5+ 56.fxg5 Rd7+
57.Rxd7+ Kxd7 58.g6 a4 59.Kh7  1-0

[Event "Trophee CCAS GpB"]
[Site "Cap d'Agde FRA"]
[Date "2010.10.25"]
[Round "4"]
[White "Gharamian,T"]
[Black "Le Quang Liem"]
[Result "0-1"]
[WhiteElo "2658"]
[BlackElo "2694"]

1.e4 c5 2.Nf3 d6 3.d4 cxd4 4.Nxd4 Nf6 5.Nc3 a6 6.Be3 e5 7.Nb3 Be6 8.Qd2 Nbd7
9.O-O-O Rc8 10.f4 Be7 11.Kb1 b5 12.h3 Qc7 13.f5 Bc4 14.g4 h6 15.Rg1 Bxf1
16.Rgxf1 Qc4 17.Qd3 b4 18.Nd5 Nxd5 19.Qxc4 Rxc4 20.exd5 Nf6 21.Na5 Re4 22.Bf2 Rf4
23.Nc6 Kd7 24.Bh4 Rxf1 25.Rxf1 Nxd5 26.Nxe7 Nxe7 27.f6 gxf6 28.Rxf6 Rh7 29.Be1 Nd5
30.Rf5 Ke6 31.Bd2 Nf6 32.Bxb4 h5 33.b3 hxg4 34.hxg4 Nxg4 35.Rg5 Ne3 36.c4 Rh1+
37.Kb2 Rh2+ 38.Kb1 d5 39.cxd5+ Nxd5 40.Ba5 e4 41.Rg8 f5 42.Re8+ Kd6 43.Ra8 f4
44.Rxa6+ Ke5 45.Ra8 f3  0-1

[Event "16th Asian Games Team Men"]
[Site "Guangzhou CHN"]
[Date "2010.11.19"]
[Round "2"]
[White "Le Quang Liem"]
[Black "Ghaem Maghami,E"]
[Result "1/2-1/2"]
[WhiteElo "2689"]
[BlackElo "2593"]

1.c4 e6 2.Nc3 d5 3.d4 Be7 4.cxd5 exd5 5.Bf4 Nf6 6.e3 Bf5 7.Bd3 Bxd3 8.Qxd3 c6
9.Nge2 Nbd7 10.O-O Nh5 11.Be5 O-O 12.Rad1 Re8 13.h3 Nhf6 14.Bg3 Nb6 15.b3 Rc8
16.a4 a6 17.Kh1 Bb4 18.f3 Qe7 19.Bf2 Nbd7 20.Nf4 Nf8 21.Qd2 Ne6 22.Nd3 Bxc3
23.Qxc3 c5 24.dxc5 Nxc5 25.Qb2 Nxd3 26.Rxd3 Rc6 27.Rfd1 h6 28.Kg1 Qc7 29.Qd4 Qb6
30.Qxb6 Rxb6 31.Bh4 Ree6 32.Be1 Re8 33.Ba5 Rc6 34.Bc3 Nd7 35.Bb4 Nf6 36.Kf2 Rec8
37.Ke2 R8c7 38.Ba3 Rc3 39.Bb2 Rxd3 40.Rxd3 Rc2+ 41.Rd2 Rxd2+ 42.Kxd2 Nd7
43.Kc3 Nc5 44.Ba3 Ne6 45.Kb4 b6 46.Bb2 Nd8 47.Kc3 Nc6 48.Kd3 f5 49.e4 dxe4+
50.fxe4 g6 51.exf5 gxf5 52.g4 fxg4 53.hxg4 b5 54.axb5 axb5 55.Ke4 Na5 56.b4 Nc6
57.Bc3 Kh7 58.Kf5 Ne7+ 59.Ke6 Nc6 60.Kd5 Nxb4+  1/2-1/2

[Event "16th Asian Games Team Men"]
[Site "Guangzhou CHN"]
[Date "2010.11.22"]
[Round "5"]
[White "Shukuraliev,A"]
[Black "Le Quang Liem"]
[Result "1-0"]
[WhiteElo "2376"]
[BlackElo "2689"]

1.d4 Nf6 2.c4 e6 3.Nf3 d5 4.Nc3 c6 5.cxd5 exd5 6.Bg5 Be7 7.e3 Bf5 8.Bd3 Bxd3
9.Qxd3 Nbd7 10.O-O O-O 11.Rab1 a5 12.Rfe1 Ne4 13.Bxe7 Qxe7 14.Nd2 f5 15.f3 Nd6
16.f4 Kh8 17.Nf3 Nf6 18.Re2 Rg8 19.Rf1 g6 20.Ne5 g5 21.a3 Nh5 22.g3 Nf6 23.Rc2 Nfe4
24.Nxe4 Nxe4 25.fxg5 Rxg5 26.Rg2 Qe6 27.Rf4 Rf8 28.Qf1 Rf6 29.Qf3 c5 30.a4 Rg7
31.h4 c4 32.Kh2 Rg8 33.Qh5 Nd6 34.g4 fxg4 35.Rfxg4 Rxg4 36.Nxg4 Rg6 37.Ne5 Rxg2+
38.Kxg2 Qf5 39.Qf3 Kg7 40.Qxd5 Qc2+ 41.Kg3 Nf5+ 42.Kf4 Qf2+ 43.Qf3 Qxf3+
44.Nxf3 Nd6 45.Ke5 c3 46.bxc3 Nc4+ 47.Ke6 b5 48.axb5 a4 49.Ne1 a3 50.Nc2 a2
51.Na1 Kf8 52.Kd7 Nb6+ 53.Kc6 Nc4 54.b6 Na5+ 55.Kc7 Ke7 56.d5  1-0

[Event "16th Asian Games Team Men"]
[Site "Guangzhou CHN"]
[Date "2010.11.23"]
[Round "6"]
[White "Kazhgaleyev,M"]
[Black "Le Quang Liem"]
[Result "1-0"]
[WhiteElo "2623"]
[BlackElo "2689"]

1.d4 Nf6 2.c4 g6 3.Nc3 d5 4.Bg5 Ne4 5.Bh4 Nxc3 6.bxc3 dxc4 7.e3 Be6 8.Nf3 c6
9.Be2 Nd7 10.O-O Bh6 11.Qb1 Qa5 12.e4 Nb6 13.a4 f6 14.Qc2 O-O 15.Rfb1 Bf4
16.Nd2 Bf7 17.Nf1 Rad8 18.f3 Rd7 19.Bf2 e5 20.g3 Bh6 21.dxe5 fxe5 22.Ne3 Rfd8
23.Rd1 Rxd1+ 24.Rxd1 Rxd1+ 25.Qxd1 Bf8 26.Qd8 h5 27.g4 Qxc3 28.gxh5 Qd4 29.Qg5 c3
30.hxg6 Be6 31.Ng4 Qd2 32.Nf6+ Kg7 33.Nh5+ Kg8 34.Qxe5 Bh3 35.Nf6+ Kg7 36.Ng4+ Kxg6
37.Qf6+ Kh7 38.Qf7+ Kh8 39.Qxf8+ Kh7 40.Nf6+ Kg6 41.Qg8+ Kxf6 42.Bh4+ Ke5
43.Qg7+  1-0

[Event "1st HDBank Cup"]
[Site "Ho Chi Minh City VIE"]
[Date "2011.01.04"]
[Round "2.1"]
[White "Lou Yiping"]
[Black "Le Quang Liem"]
[Result "0-1"]
[WhiteElo "2429"]
[BlackElo "2664"]

1.Nf3 Nf6 2.c4 e6 3.g3 d5 4.Bg2 dxc4 5.Qa4+ c6 6.Qxc4 b5 7.Qc2 Bb7 8.a4 Nbd7
9.O-O Rc8 10.Nc3 Be7 11.b4 c5 12.Qd3 cxb4 13.Nxb5 Qb6 14.Bb2 Nc5 15.Qb1 Qa5
16.Rc1 O-O 17.Bd4 Qa6 18.Ng5 Rfd8 19.Bxb7 Qxb7 20.Bxf6 Bxf6 21.Qxh7+ Kf8
22.d4 Nxa4 23.Rxc8 Qxc8 24.Ne4 Qc4 25.Ned6 Qxe2 26.Kg2 Nc3 27.Ra5 Nxb5 28.Nxb5 g6
29.Qh6+ Kg8 30.Qf4 Kg7 31.Nd6 b3 32.Nxf7 Rd7 33.Nd6 Re7 34.Rb5 b2 35.Qf3 Qxb5  0-1

[Event "1st HDBank Cup"]
[Site "Ho Chi Minh City VIE"]
[Date "2011.01.05"]
[Round "3.1"]
[White "Le Quang Liem"]
[Black "Bitoon,R"]
[Result "1/2-1/2"]
[WhiteElo "2664"]
[BlackElo "2461"]

1.d4 Nf6 2.c4 e6 3.Nf3 b6 4.g3 Ba6 5.Qc2 Bb7 6.Bg2 c5 7.d5 exd5 8.cxd5 Nxd5
9.O-O Be7 10.Rd1 Nc7 11.Nc3 Qc8 12.Bf4 Ne6 13.Nd5 Bxd5 14.Rxd5 Nc6 15.Qe4 O-O
16.Rad1 Bf6 17.Rxd7 Ncd4 18.Rd5 Nxf4 19.gxf4 Qg4 20.Nxd4 cxd4 21.h3 Qh4 22.Rd7 Rae8
23.Qf3 a5 24.Rc1 Rd8 25.Rxd8 Rxd8 26.Rc6 d3 27.exd3 Bxb2 28.Rxb6 Bd4 29.Ra6 Qe7
30.Ra8 Bb6 31.Rxd8+ Qxd8 32.Qc6 g6 33.Bd5 Kg7 34.Kg2 Qc7 35.Qxc7 Bxc7 36.Kf3 Bb6
37.Bb3  1/2-1/2

[Event "1st HDBank Cup"]
[Site "Ho Chi Minh City VIE"]
[Date "2011.01.05"]
[Round "4.2"]
[White "Nguyen Duc Hoa"]
[Black "Le Quang Liem"]
[Result "0-1"]
[WhiteElo "2446"]
[BlackElo "2664"]

1.d4 Nf6 2.c4 e6 3.Nf3 d5 4.Nc3 Bb4 5.Bg5 Nbd7 6.e3 c5 7.cxd5 exd5 8.Bd3 Qa5
9.Qc2 c4 10.Bf5 g6 11.Bxd7+ Nxd7 12.O-O O-O 13.Nd2 Re8 14.Rae1 Nb6 15.f3 Bd7
16.Bh4 Bxc3 17.bxc3 Na4 18.Nb1 f5 19.Bg3 Re6 20.e4 Rae8 21.Be5 Qb6 22.Kh1 Qb2
23.Qxb2 Nxb2 24.exd5 Ra6 25.Bc7 Nd3 26.Rxe8+ Bxe8 27.a3 Kf7 28.h3 Ke7 29.Kh2 Kd7
30.d6 b6 31.Rd1 Bf7 32.Rd2 Nf4 33.Kg3 Nd5 34.Re2 Be6 35.Re5 Ra5 36.Bb8 Rb5
37.Nd2 Nxc3 38.Nxc4 Rb3 39.Rxe6 Kxe6 40.Kh2 Nd5 41.Ne5 Nf6 42.f4 Rb5 43.g4 Nd7
44.Bc7 Nxe5 45.dxe5 Ra5 46.Kg3 Rxa3+ 47.Kh4 Rf3 48.Kg5 Rxh3  0-1

[Event "1st HDBank Cup"]
[Site "Ho Chi Minh City VIE"]
[Date "2011.01.06"]
[Round "5.1"]
[White "Gomez,Joh"]
[Black "Le Quang Liem"]
[Result "1-0"]
[WhiteElo "2527"]
[BlackElo "2664"]

1.d4 Nf6 2.Nf3 e6 3.c4 d5 4.e3 Be7 5.b3 O-O 6.Bb2 b6 7.Bd3 Bb7 8.O-O Nbd7
9.Nc3 dxc4 10.bxc4 c5 11.Qe2 Qc7 12.Rfd1 h6 13.Nb5 Qc8 14.Rac1 Rd8 15.Bb1 a6
16.Nc3 cxd4 17.exd4 Bxf3 18.Qxf3 Qxc4 19.d5 Qg4 20.dxe6 Qxf3 21.exf7+ Kxf7
22.gxf3 Ne5 23.a4 Nxf3+ 24.Kg2 Nh4+ 25.Kh3 Ng6 26.Ne2 Bc5 27.Rg1 Ne7 28.Ba2+ Kf8
29.Nf4 Rd6 30.Ne6+ Rxe6 31.Bxe6 Ned5 32.Bxd5 Nxd5 33.Bxg7+ Kf7 34.Rc4 Bxf2
35.Rf1 Kxg7 36.Rxf2 b5 37.Rg4+ Kh8 38.a5 Ra7 39.Rg6 Kh7 40.Rd6  1-0

[Event "1st HDBank Cup"]
[Site "Ho Chi Minh City VIE"]
[Date "2011.01.07"]
[Round "6.3"]
[White "Le Quang Liem"]
[Black "Wang Chen"]
[Result "1-0"]
[WhiteElo "2664"]
[BlackElo "2426"]

1.d4 d5 2.c4 e6 3.Nf3 Nf6 4.Nc3 g6 5.Bg5 Bg7 6.e3 O-O 7.Be2 dxc4 8.Bxc4 b6
9.e4 h6 10.Bh4 g5 11.Bg3 Bb7 12.h4 g4 13.Ne5 Nxe4 14.Nxe4 Bxe4 15.Qxg4 Bf5
16.Qf4 c5 17.dxc5 Nd7 18.Ng4 Bxg4 19.Qxg4 Qf6 20.c6 Ne5 21.Qe4 Rad8 22.Rc1 Nxc4
23.Qxc4 Rd4 24.Qe2 Rc8 25.O-O e5 26.Qa6 Rc7 27.Rc2 Qd6 28.Rfc1 f5 29.f3 Kh7
30.Qe2 Qe6 31.Rc4 Rd5 32.b4 Bf8 33.a3 Kg6 34.Bf2 Qd6 35.g4 fxg4 36.Rxg4+ Kf7
37.Qc4 b5 38.Qc2 Rd3 39.Qe2 Qd5 40.Kg2 Rd2 41.Qe3 Rd3 42.Qe4 Qxe4 43.Rxe4 Bd6
44.Bg3 Kf6 45.Rc5 Rg7 46.Rxb5 Rd2+ 47.Kh3 Rd3 48.Rb7 Rxf3 49.Rxg7 Kxg7 50.Kg4 Rxa3
51.Bxe5+ Bxe5 52.Rxe5 Rb3 53.c7 Rxb4+ 54.Kf5  1-0

[Event "1st HDBank Cup"]
[Site "Ho Chi Minh City VIE"]
[Date "2011.01.07"]
[Round "7.3"]
[White "Le Quang Liem"]
[Black "Nguyen Ngoc Truong Son"]
[Result "1/2-1/2"]
[WhiteElo "2664"]
[BlackElo "2628"]

1.d4 d5 2.c4 c6 3.Nf3 Nf6 4.Nc3 dxc4 5.a4 Bf5 6.e3 e6 7.Bxc4 Bb4 8.O-O O-O
9.Qe2 Bg6 10.Ne5 Nbd7 11.Nxg6 hxg6 12.Rd1 Qa5 13.Qc2 c5 14.Na2 cxd4 15.Rxd4 Bc5
16.Bd2 Qc7 17.Bb5 Rac8 18.Rc1 Bxd4 19.Qxc7 Rxc7 20.Rxc7 Bb6 21.Rc2 Bc5 22.a5 Rd8
23.Kf1 Kf8 24.Ke2 Ke7 25.h3 Bd6 26.b4 Nd5 27.Ba4 f5 28.Bb3 N7f6 29.b5 Kd7
30.Nc3 Nxc3+ 31.Bxc3 Rc8 32.f3 Rc5 33.Bd4 Rxc2+ 34.Bxc2 Bc7 35.a6 b6 36.g4 Ke7
37.e4 e5 38.Bf2 f4 39.Bh4 Kd6 40.Bxf6 gxf6 41.h4 Kc5 42.h5 Bd6 43.hxg6 Bf8
44.Bd3 Bg7 45.Kf2 Kd4 46.Bf1 Kc5 47.Kg2 Kd6 48.Kh3 Kc5 49.g5 fxg5 50.Kg4 Kd6
51.Kxg5 Ke6 52.Bc4+ Kd6 53.Kf5 Ke7 54.Bd5 Kd6  1/2-1/2

[Event "1st HDBank Cup"]
[Site "Ho Chi Minh City VIE"]
[Date "2011.01.08"]
[Round "8.3"]
[White "Barbosa,O PHI"]
[Black "Le Quang Liem"]
[Result "0-1"]
[WhiteElo "2461"]
[BlackElo "2664"]

1.e4 c6 2.d4 d5 3.Nc3 dxe4 4.Nxe4 Bf5 5.Ng3 Bg6 6.h4 h6 7.Nf3 Nd7 8.h5 Bh7
9.Bd3 Bxd3 10.Qxd3 e6 11.Bd2 Ngf6 12.O-O-O Be7 13.Ne4 O-O 14.Nxf6+ Nxf6 15.g4 Qd5
16.g5 Qxa2 17.c4 Ng4 18.Qe2 b5 19.Rdg1 bxc4 20.gxh6 Rfb8 21.Bc3 Rxb2 22.h7+ Kh8
23.Qxb2 Ba3 24.h6 Nxh6 25.d5 f6  0-1

[Event "1st HDBank Cup"]
[Site "Ho Chi Minh City VIE"]
[Date "2011.01.09"]
[Round "9.1"]
[White "Yu Yangyi"]
[Black "Le Quang Liem"]
[Result "1/2-1/2"]
[WhiteElo "2607"]
[BlackElo "2664"]

1.e4 c5 2.Nf3 d6 3.d4 cxd4 4.Qxd4 Nc6 5.Bb5 Bd7 6.Bxc6 Bxc6 7.c4 Nf6 8.Nc3 g6
9.O-O Bg7 10.Qd3 O-O 11.Rd1 Rc8 12.Nd4 Nd7 13.b3 Nc5 14.Qe2 a6 15.Bb2 Bd7
16.h3 Re8 17.Nf3 b5 18.cxb5 Qa5 19.e5 Bxb5 20.Nxb5 Qxb5 21.Qxb5 axb5 22.Rac1 Ne4
23.exd6 Bxb2 24.d7 Bxc1 25.dxe8=Q+ Rxe8 26.Rxc1 Ra8 27.Rc2 b4 28.Nd4 Nc3
29.Nc6 Nd5 30.Rc4 Rxa2 31.Nxb4 Nxb4 32.Rxb4  1/2-1/2

[Event "46th Capablanca Memorial Elite"]
[Site "Havana CUB"]
[Date "2011.05.17"]
[Round "6"]
[White "Le Quang Liem"]
[Black "Dominguez Perez,L"]
[Result "1-0"]
[WhiteElo "2687"]
[BlackElo "2726"]

1.d4 Nf6 2.c4 g6 3.Nc3 Bg7 4.e4 d6 5.Be2 O-O 6.Nf3 e5 7.O-O Nc6 8.d5 Ne7
9.Ne1 Nd7 10.f3 f5 11.g4 Kh8 12.Nd3 f4 13.Kh1 g5 14.Bd2 Rf7 15.b4 Nf6 16.Rg1 Ng6
17.c5 h5 18.gxh5 Nxh5 19.Be1 Bf8 20.Rc1 Rh7 21.Bf1 Bd7 22.a4 g4 23.fxg4 Ng3+
24.Bxg3 fxg3 25.Rxg3 Bh6 26.Rc2 Nf4 27.Rf2 Qh4 28.Ne1 Bf8 29.Qf3 dxc5 30.Ne2 cxb4
31.Nxf4 exf4 32.Qxf4 Bd6 33.e5 Rf8 34.Qe3 Rxf2 35.Qxf2 Bc5 36.Qg2 Qg5 37.Nf3  1-0

[Event "TCh-FRA Top 12 2011"]
[Site "Mulhouse FRA"]
[Date "2011.05.26"]
[Round "1.5"]
[White "Le Quang Liem"]
[Black "Philippe,C"]
[Result "1-0"]
[WhiteElo "2687"]
[BlackElo "2422"]

1.d4 Nf6 2.Nf3 c5 3.d5 e6 4.Nc3 b5 5.dxe6 fxe6 6.e4 b4 7.Nb5 Bb7 8.Bf4 Na6
9.a3 b3 10.e5 Ne4 11.Nd2 Nxd2 12.Qxd2 Be7 13.Bd3 O-O 14.O-O bxc2 15.Bxc2 Nc7
16.Nd6 Bxd6 17.exd6 Nd5 18.Be5 Qh4 19.f4 Nf6 20.h3 Ne4 21.Qe1 Qxe1 22.Rfxe1 Ng3
23.Ba4 Rf7 24.Rac1 Rc8 25.Re3 Ne4 26.Rc4 Nd2 27.Rc2 Ne4 28.Bb5 Bd5 29.Bd3 Nf6
30.Ba6 Rc6 31.Bb5 Rc8 32.g4 h6 33.Re1 g5 34.fxg5 Ne4 35.g6 Rf3 36.Rxe4 Bxe4
37.Bxd7 Bxg6 38.Bxc8 Bxc2 39.d7 Rf8 40.Bd6  1-0

[Event "FIDE World Cup 2011"]
[Site "Khanty-Mansiysk RUS"]
[Date "2011.08.29"]
[Round "1.2"]
[White "Megaranto,S"]
[Black "Le Quang Liem"]
[Result "1/2-1/2"]
[WhiteElo "2544"]
[BlackElo "2715"]

1.e4 c5 2.Nf3 d6 3.d4 cxd4 4.Nxd4 Nf6 5.Nc3 a6 6.Bc4 e6 7.Bb3 b5 8.O-O Be7
9.Qf3 Qb6 10.Be3 Qb7 11.Qg3 O-O 12.f3 Bd7 13.a3 Nc6 14.Nxc6 Bxc6 15.Ne2 Rfc8
16.Nf4 Bd7 17.c3 a5 18.Nd3 Ra6 19.Rad1 Nh5 20.Qf2 Nf6 21.Rfe1 Qc7 22.Re2 h6
23.Red2 e5 24.Qg3 Kf8 25.Qe1 Be6 26.Bxe6 fxe6 27.a4 Qc4 28.Ra1 bxa4 29.Qd1 Nd7
30.Qxa4 Qxa4 31.Rxa4 Raa8 32.Nc1 Rc6 33.Kf2 Bd8 34.Nb3 Ke7 35.Ke2 Rca6 36.Na1 Rc6
37.Nc2 Bb6 38.Ra3 Rb8 39.Bxb6 Rbxb6 40.Ne3 Rc5 41.Kd1 Rbb5 42.Kc2 Nb6 43.Rb3 a4
44.Rxb5 Rxb5 45.Rd1 Rc5 46.Ra1 h5 47.h4 g6 48.b3 axb3+ 49.Kxb3 Rc7 50.Kc2 Nd7
51.Ra8 Nf6 52.Kd3 d5 53.Ra5 dxe4+ 54.fxe4 Rd7+ 55.Kc2 Nxe4 56.Rxe5 Nd6 57.Nd5+ Kf7
58.Nf4 Nf5 59.Rxe6 Nxh4 60.Re2 Nf5 61.Rd2 Rxd2+ 62.Kxd2 h4 63.Ke2 g5 64.Nd3 Nd6
65.Kf3 Kf6 66.Nf2 Kf5 67.Ng4 Nc4 68.Ne3+ Nxe3 69.Kxe3 g4 70.c4 h3 71.gxh3 gxh3
72.Kf3 Ke5 73.Kg3 Kd4 74.Kxh3  1/2-1/2

[Event "FIDE World Cup 2011"]
[Site "Khanty-Mansiysk RUS"]
[Date "2011.09.03"]
[Round "3.1"]
[White "Le Quang Liem"]
[Black "Bruzon Batista,L"]
[Result "1/2-1/2"]
[WhiteElo "2715"]
[BlackElo "2673"]

1.c4 e5 2.Nc3 Nc6 3.Nf3 Nf6 4.g3 Bc5 5.Bg2 d6 6.O-O O-O 7.d3 h6 8.a3 a6 9.b4 Ba7
10.Bb2 Rb8 11.Rc1 Be6 12.e3 Ne7 13.a4 Qd7 14.Re1 Ng6 15.b5 Bg4 16.Qb3 Bb6
17.Nd2 Bh3 18.Qd1 Bxg2 19.Kxg2 Ba5 20.Nb3 Bb4 21.Rf1 axb5 22.axb5 Bxc3 23.Bxc3 c6
24.b6 Ra8 25.d4 Ne4 26.dxe5 Nxc3 27.Rxc3 Nxe5 28.Qd4 Rfd8 29.Rd1 Qe7 30.Qe4 Ra2
31.Nc1 Ra5 32.Nb3 Ra2 33.Nc1 Ra5 34.Nb3  1/2-1/2

[Event "FIDE World Cup 2011"]
[Site "Khanty-Mansiysk RUS"]
[Date "2011.09.04"]
[Round "3.2"]
[White "Bruzon Batista,L"]
[Black "Le Quang Liem"]
[Result "1/2-1/2"]
[WhiteElo "2673"]
[BlackElo "2715"]

1.e4 c5 2.Nf3 d6 3.d4 cxd4 4.Nxd4 Nf6 5.Nc3 a6 6.Be3 e5 7.Nf3 Qc7 8.a4 Be7
9.Be2 O-O 10.O-O b6 11.Bg5 Nbd7 12.Nd2 Bb7 13.Nc4 h6 14.Bxf6 Nxf6 15.Ne3 Qc5
16.Bd3 g6 17.Bc4 Nxe4 18.Qg4 Ng5 19.Qd7 d5 20.Qxb7 dxc4 21.Ncd5 Rfe8 22.Qxb6 Qc8
23.Qc7 Bd8 24.Qxc4 Qe6 25.a5 Rc8 26.Qe2 f5 27.Nb6 Bxb6 28.axb6 f4 29.b7 Rc6
30.Ng4 e4 31.Nxh6+ Kg7 32.Qg4 Qxg4 33.Nxg4 Nf7 34.h3 Rxc2 35.b3 Rc7 36.Rxa6 Rxb7
37.Rc1 e3 38.fxe3 fxe3 39.Re1  1/2-1/2

[Event "FIDE World Cup 2011"]
[Site "Khanty-Mansiysk RUS"]
[Date "2011.09.05"]
[Round "3.4"]
[White "Bruzon Batista,L"]
[Black "Le Quang Liem"]
[Result "1/2-1/2"]
[WhiteElo "2673"]
[BlackElo "2715"]

1.d4 Nf6 2.Nf3 g6 3.Bg5 Bg7 4.Nbd2 O-O 5.c3 d6 6.e4 h6 7.Bh4 Nc6 8.Be2 Nh5
9.O-O g5 10.Bg3 e6 11.Ne1 Nxg3 12.hxg3 f5 13.exf5 exf5 14.Nd3 Kh8 15.Re1 Be6
16.Bh5 Bg8 17.g4 Qd7 18.Qe2 Bh7 19.Nf1 fxg4 20.Bxg4 Qf7 21.Rad1 Rae8 22.Ne3 Bg6
23.d5 Nd8 24.Qf3 h5 25.Qxf7 Rxf7 26.Bc8 g4 27.g3 Bh6 28.Ng2 Rxe1+ 29.Ndxe1 Be4
30.Nd3 Bf3 31.Re1 Bxd5 32.Ngf4 Bc6 33.Nxh5 a5 34.Bxg4 b5 35.a3 Bf8 36.Nhf4 Kg8
37.Bh3 Kg7 38.Bg2 Bd7 39.Bh3 Bc6 40.Bg2 Bd7 41.Bh3 Bxh3 42.Nxh3 Rf5 43.Kg2 Kf7
44.g4 Rd5 45.Ndf4 Rc5 46.Nd3 Rd5 47.Ndf4 Rc5 48.Nd3  1/2-1/2

[Event "FIDE World Cup 2011"]
[Site "Khanty-Mansiysk RUS"]
[Date "2011.09.05"]
[Round "3.3"]
[White "Le Quang Liem"]
[Black "Bruzon Batista,L"]
[Result "0-1"]
[WhiteElo "2715"]
[BlackElo "2673"]

1.d4 Nf6 2.c4 e6 3.Nf3 Bb4+ 4.Bd2 a5 5.g3 d6 6.Bg2 Nbd7 7.O-O e5 8.Be3 exd4
9.Bxd4 O-O 10.Nc3 Re8 11.Qc2 c6 12.a3 Bc5 13.Rad1 Qe7 14.Rd2 Bxd4 15.Nxd4 Nb6
16.Qb3 Qc7 17.a4 Nbd7 18.Qc2 Nc5 19.Rfd1 Qb6 20.h3 h6 21.e3 Qb4 22.b3 Bd7
23.Rb1 Rad8 24.Nde2 Bc8 25.g4 Re5 26.Nd4 Ree8 27.Rdd1 Qb6 28.Kh1 Na6 29.Qd2 Qc5
30.f4 Nb4 31.e4 Nh7 32.Nde2 Qf2 33.Nd4 Qh4 34.Kg1 Nf8 35.Rf1 Na6 36.Nce2 Nc5
37.Nc3 Ng6 38.b4 axb4 39.Rxb4 Qg3 40.Nde2 Qh4 41.Rbb1 h5 42.gxh5 Qxh5 43.Qe3 Qh6
44.Qg3 Nh4 45.f5 Nxg2 46.Qxg2 Qe3+ 47.Kh2 Nxe4 48.Rg1 Qf2 49.Nxe4 Qxg2+ 50.Rxg2 Rxe4
51.Rbg1 Kh8 52.Ng3 Rh4 53.Rc2 d5 54.Rd1 d4 55.a5 Rf4 56.Rb2 d3 57.c5 Ra4
58.Rb3 Ra2+ 59.Kg1 d2 60.Rc3 Rd5 61.Kf2 Rxa5 62.Rc2 Bxf5 63.Rcxd2 Rxd2+ 64.Rxd2 Rxc5
65.Rd8+ Kh7 66.Rb8 b5  0-1

[Event "1st Qinhuangdao Open"]
[Site "Qinhuangdao CHN"]
[Date "2011.10.02"]
[Round "2"]
[White "Xu Jun"]
[Black "Le Quang Liem"]
[Result "1/2-1/2"]
[WhiteElo "2500"]
[BlackElo "2717"]

1.d4 Nf6 2.c4 e6 3.Nf3 d5 4.g3 Bb4+ 5.Bd2 Be7 6.Bg2 O-O 7.O-O c6 8.Qc2 b6
9.Bf4 Nbd7 10.Rd1 Nh5 11.Bc1 Nhf6 12.Bf4 Bb7 13.Ne5 Rc8 14.Nc3 Nh5 15.Bc1 Nhf6
16.e4 dxc4 17.Nxc4 b5 18.Ne3 Qb6 19.a4 Rfd8 20.e5 Ne8 21.a5 Qa6 22.f4 Nc7
23.Bd2 c5 24.d5 exd5 25.Nexd5 Nxd5 26.Nxd5 Bf8 27.Be3 c4 28.Rd2 Nc5 29.Nb4 Qe6
30.Bxb7 Nxb7 31.Rxd8 Rxd8 32.a6 Nc5 33.Rd1 Rc8 34.Qd2 c3 35.bxc3 Ne4 36.Qb2 Nxc3
37.Rd2 h5 38.Bxa7 Na4 39.Qb1 Qe7 40.Be3 Qxb4 41.Qxb4 Bxb4 42.Rd5 Bc5 43.Bxc5 Nxc5
44.a7 Ra8  1/2-1/2

[Event "1st Qinhuangdao Open"]
[Site "Qinhuangdao CHN"]
[Date "2011.10.02"]
[Round "3"]
[White "Le Quang Liem"]
[Black "Gundavaa,B"]
[Result "1/2-1/2"]
[WhiteElo "2717"]
[BlackElo "2467"]

1.d4 Nf6 2.c4 e6 3.Nf3 d5 4.Nc3 Bb4 5.Qa4+ Nc6 6.Bd2 O-O 7.e3 dxc4 8.Bxc4 a6
9.Qc2 Bd6 10.Ne4 Nb4 11.Qb1 Nxe4 12.Qxe4 Bd7 13.O-O Bc6 14.Qg4 Nd5 15.Ne5 Nf6
16.Qe2 Bd5 17.Bd3 Be4 18.f3 Bxd3 19.Nxd3 Nd7 20.Rac1 Rc8 21.Rc2 c6 22.e4 e5
23.Be3 Qe7 24.dxe5 Nxe5 25.Nc5 Ng6 26.Rd1 Rcd8 27.g3 Bxc5 28.Bxc5 Rxd1+ 29.Qxd1 Rd8
30.Qe2 Qe6 31.b3 h5 32.Kg2 h4 33.Rd2 Rxd2 34.Qxd2 f5 35.exf5 Qxf5 36.Bd4 h3+
37.Kf2 Ne5 38.Bxe5 Qxe5 39.f4 Qe4 40.Qe2 Qxe2+ 41.Kxe2 Kf7 42.Kf3 Ke6 43.Kg4 c5
44.Kxh3 Kd5 45.Kg2 Ke4 46.Kf2 Kd5 47.Kg2 Ke4 48.Kf2 Kd3 49.f5 b5 50.g4 c4
51.bxc4 bxc4 52.g5 c3 53.f6 c2 54.fxg7 c1=Q 55.g8=Q Qf4+  1/2-1/2

[Event "1st Qinhuangdao Open"]
[Site "Qinhuangdao CHN"]
[Date "2011.10.04"]
[Round "5"]
[White "Le Quang Liem"]
[Black "Munkhgal,G"]
[Result "1-0"]
[WhiteElo "2717"]
[BlackElo "2348"]

1.Nf3 Nf6 2.Ng1 Ng8 3.Nf3 Nf6 4.c4 e6 5.g3 d5 6.Bg2 Be7 7.O-O O-O 8.d4 c6
9.Nc3 Nbd7 10.Nd2 b6 11.e4 dxc4 12.Nxc4 Ba6 13.b3 b5 14.Ne3 b4 15.Ne2 Rc8
16.Re1 Nb6 17.Nf4 c5 18.d5 exd5 19.exd5 g6 20.a3 c4 21.axb4 Bb5 22.bxc4 Nxc4
23.Nxc4 Bxc4 24.Bb2 Ne8 25.Rxa7 Bxb4 26.Qd4 Nf6 27.Rea1 Bc5 28.Qxf6 Qxf6
29.Bxf6 Bxa7 30.Rxa7 h6 31.h4 g5 32.hxg5 hxg5 33.Bxg5 f6 34.Bh3  1-0

[Event "1st Qinhuangdao Open"]
[Site "Qinhuangdao CHN"]
[Date "2011.10.04"]
[Round "6"]
[White "Gao Rui"]
[Black "Le Quang Liem"]
[Result "0-1"]
[WhiteElo "2424"]
[BlackElo "2717"]

1.e4 c5 2.Nf3 d6 3.d4 cxd4 4.Nxd4 Nf6 5.Nc3 a6 6.Bg5 Nbd7 7.Bc4 Qb6 8.Bb3 e6
9.Bxf6 Nxf6 10.f4 e5 11.Ba4+ Ke7 12.Nde2 exf4 13.Bb3 g6 14.Nxf4 Qe3+ 15.Nfe2 Be6
16.Rf1 Bg7 17.Rf3 Qc5 18.Qd2 Qe5 19.Qd3 Rhe8 20.O-O-O Rad8 21.Rdf1 Bxb3 22.axb3 Kf8
23.Qd4 Qxd4 24.Nxd4 Ng4 25.h3 Ne5 26.Rg3 Nd7 27.Nf3 Bxc3 28.bxc3 Nf6 29.Nd2 Nxe4
30.Nxe4 Rxe4 31.c4 Ke7 32.Rgf3 Rf8 33.g4 Re5 34.Kb2 f6 35.Rd1 Rc8 36.Rd4 Re6
37.Kc3 Rc5 38.Rd5 Re5 39.Rd4 Re6 40.Rd5 Re4 41.Kd3 Re5 42.Rd4 d5 43.cxd5 Rcxd5
44.c4 Rxd4+ 45.Kxd4 h5 46.gxh5 Rxh5 47.b4 Ke6 48.Re3+ Re5 49.Rb3 g5 50.c5 f5
51.b5 Re4+ 52.Kd3 Rh4 53.Ke2 axb5 54.Rxb5 Rxh3 55.Rxb7 Rc3 56.Rc7 Kd5 57.Rf7 Ke4
58.Re7+ Kf4 59.Rc7 g4 60.Kd2 Re3 61.Rd7 Re6 62.Rd6 Re8 63.c6 g3 64.c7 Rc8
65.Rc6 g2 66.Rc1 Kf3  0-1

[Event "1st Qinhuangdao Open"]
[Site "Qinhuangdao CHN"]
[Date "2011.10.05"]
[Round "7"]
[White "Le Quang Liem"]
[Black "Ma Qun"]
[Result "1-0"]
[WhiteElo "2717"]
[BlackElo "2455"]

1.Nf3 d5 2.d4 Nf6 3.c4 c6 4.Nc3 dxc4 5.a4 Bf5 6.Nh4 Bg6 7.Nxg6 hxg6 8.e3 e6
9.Bxc4 Bb4 10.O-O Nbd7 11.h3 a5 12.e4 Nb6 13.Bb3 Bxc3 14.bxc3 Nxe4 15.Qf3 Nd6
16.Qg3 Nf5 17.Qe5 O-O 18.Ba3 Re8 19.g4 Ne7 20.c4 Nd7 21.Qf4 c5 22.d5 e5 23.Qe3 b6
24.Bb2 Nc8 25.f4 Nd6 26.Rae1 e4 27.Qg3 Qe7 28.Re2 f6 29.Rfe1 Qf7 30.h4 Kf8
31.Qc3 Ke7 32.Bc2 f5 33.g5 Rh8 34.Rh2 Rh7 35.Re3 Kd8 36.Bd1 Kc7 37.Be2 Rah8
38.Reh3 Nb8 39.Qg3 Qe8 40.Qb3 Na6 41.Be5 Nb4 42.Kf1 Kd7 43.Qc3 Qg8 44.h5 Nf7
45.hxg6 Rxh3 46.Rxh3 Nxe5 47.Qxe5 Rxh3 48.Qxf5+ Kd6 49.Qe5+  1-0